000 01835cam a2200349 i 4500
001 42128
003 Mx-PuUPA
005 20230601110612.0
008 140415s2023 mx a grl 000 0 spa d
020 _a7503037529412
040 _aMx-PuUPA
_bspa
_cMx-PuUPA
_dMx-PuUPA
_erda
041 0 _aspa
240 1 0 _aObras.
_pLeyes, códigos
245 1 0 _aCódigo nacional de procedimientos penales :
_bcomentado y correlacionado /
_cMtro. Enrique Espinosa Madrigal
250 _aSéptima edición
264 1 _aCiudad de México :
_bGallardo Ediciones,
_c2023
300 _a778 páginas :
_bilustraciones, tablas, diagramas ;
_c21 cm
336 _2rdacontent
_atexto
_btxt
337 _2rdamedia
_asin medio
_bn
338 _2rdacarrier
_avolumen
_bnc
505 0 _a"Índice correlacionado y tematizado ; Fundamento Constitucional ; Doctrina ; Jurisprudencia ; Referencias bibliográficas ; Glosario ; Formularios de amparo indirecto ; Formatos IPH ; Apartado de declaraciones de invalidez". -- Cubierta
505 0 _a"Además: Vídeos de simulacros de audiencias (en web app) ; Pormenores de la audiencia de control de la detención ; Guía práctica de términos, plazos y apercibimientos ; Diagramas de las etapas del juicio oral penal ; Diagramas procesales del sistema penal acusatorio ; Diagrama invalidez de la norma". -- Cubierta
650 7 _2armarc
_aDerecho penal
_x
_zMéxico
650 7 _2armarc
_aLey federal de la defensa pública
650 7 _2armarc
_aProcedimiento penal
_zMéxico
700 1 _aEspinosa Madrigal, Enrique,
_eeditor
_914232
942 _2ddc
_cLI
_h348.72023
_iC665
999 _c42128
_d42128